000 00674nam a2200289Ia 4500
005 20260324140209.0
008 008 260324s9999 xx 000 0 eng d
020 _a9781315844541
037 _aEBOOK
040 _aCRL
040 _beng
040 _cCRL
041 _2eng
041 _aeng
084 _qCRL
100 _aDavid Moon
_91198449
245 4 _aThe Russian Peasantry 1600-1930
245 4 _bThe World the Peasants Made
260 _bTaylor and Francis
260 _c1999
365 _a
365 _b230
856 _uhttp://www.taylorfrancis.com/books/9781315844541
942 _cEBOOK
999 _c1805303
_d1805303